| 000 | 03817nam0a2200469 4500 | ||
|---|---|---|---|
| 001 | RU\NLR\BIBL_A\012873015 | ||
| 005 | 20221108125721.0 | ||
| 010 |
_a978-5-8209-1944-2 _9500 |
||
| 021 |
_aRU _bКН-П-22-042481 _9КН-П-22-3673 |
||
| 035 | _a(NLR Aleph) 012873015 | ||
| 035 | _a(RuMoRGB)011127955 | ||
| 090 |
_a12495239 _c12495239 |
||
| 100 | _a20220823d2022 u y0rusy50 ca | ||
| 101 | 0 |
_arus _ager |
|
| 102 | _aRU | ||
| 105 | _aac j 000zy | ||
| 181 | 0 |
_ai3 _baxxe |
|
| 182 | 0 | _an | |
| 200 | 1 |
_aПрактический немецкий _eучебное пособие _eдля студентов высших учебных заведений, обучающихся по направлениям подготовки: 44.03.05 - "Педагогическое образование (с двумя профилями подготовки)", 45.03.01 - "Филология", 45.03.03 - "Фундаментальная и прикладная лингвистика" _eдля студентов третьего курса, изучающих немецкий язык _fЮ. П. Нечай, Т. Г. Зубова _gМинистерство науки и высшего образования Российской Федерации, Кубанский государственный университет |
|
| 203 |
_aТекст _bвизуальный _cнепосредственный |
||
| 210 |
_aКраснодар _cКубанский государственный университет _d2022 |
||
| 215 |
_a237 с. _cил., цв. ил., портр. _d29 |
||
| 300 | _aНа обл.: Practisches Deutsch: 3 / J. Nechay, T. Subowa | ||
| 300 | _aВ вып. дан. загл.: Practisches Deutsch für das Dritte Studienjahr | ||
| 320 | _aБиблиогр.: с. 223-224 | ||
| 330 | _aУчебное пособие, предназначенное для студентов третьего курса, изучающих немецкий язык в качестве первого или второго иностранного языка, включает 8 тематических разделов. В них вошли грамматические и лексические упражнения, а также краткая информация о специфике немецкого менталитета, некоторых народных традициях, этикете и лингвострановедческих особенностях. Адресуется студентам факультетов иностранных языков, а также тем, кто изучает немецкий язык в качестве общеобразовательной дисциплины | ||
| 512 | 1 |
_6z20790 _aPractisches Deutsch _e3 _zger |
|
| 517 | 1 | _aPractisches Deutsch für das Dritte Studienjahr | |
| 606 | 1 |
_aНемецкий язык _xУчебные издания для педагогов _92424826 _3RU\NLR\AUTH\661443751 |
|
| 606 | 1 |
_aНемецкий язык _jУчебные издания для высших учебных заведений _91063964 _3RU\NLR\AUTH\66413315 |
|
| 675 |
_a811.112.2(075.8) _v4 |
||
| 686 | 1 | _aШ143.24-93рус329.51 | |
| 686 | 1 | _aШ143.24-93рус31 | |
| 700 | 1 |
_7ca _8rus _aНечай _bЮ. П. _f1951- _gЮрий Петрович _9248257 _3RU\NLR\AUTH\770248313 |
|
| 701 | 1 |
_7ca _8rus _aЗубова _bТ. Г. _gТатьяна Георгиевна _9248261 _3RU\NLR\AUTH\770248317 |
|
| 790 | 1 |
_6z20 _7ba _8rus _aNečaj _bJ. P. _f1951- _gJurij Petrovič _9248258 _3RU\NLR\AUTH\770248314 |
|
| 790 | 1 |
_6z20 _6z20512 _7ba _8rus _aZubova _bT. G. _gTat'jana Georgievna _9248262 _3RU\NLR\AUTH\770248318 |
|
| 942 | _cBOOK | ||
| 980 | _aNB | ||